Encyclopaedia of technical and vocational education : volume 3

Bibliographic Details
Main Author: James, Thomas
Format: Book
Published: New Delhi : Anmol Publications , 2005
Subjects:

MARC

LEADER 00000cam a2200000 7i4500
001 0000018333
005 20080605.0
008 080603
020 |a 8126122706 
090 0 0 |a 370.11371   |b JAM 
100 1 |a James, Thomas 
245 1 0 |a Encyclopaedia of technical and vocational education :   |b volume 3   |c Thomas James 
260 |a New Delhi :   |b Anmol Publications ,   |c 2005 
650 0 |a Education   |x tecnical education 
650 0 |a Vocational education   |x study and teaching 
999 |a 0001019921   |b Book   |c REFERENCE   |e Perbadanan Perpustakaan Awam Johor